000 00648nam a2200229Ia 4500
003 OSt
005 20221005023703.0
006 a|||||r|||| 00| 0
007 ta
008 221004b |||||||| |||| 00| 0 urd d
024 _a122767
037 _cTextual
040 _aCRL
_cCRL
_burd
041 _2urd
_aurd
082 _aO168,1xM9, K9
100 _aSaher Abu Mohammad Ed.
_9579889
245 0 _aIntekhab-e-qasaid-e-Urdu ma-e-muqaddama-o-hawashi
260 _aBhopal
_bHamdia Arts India
_c1969
650 _aURDU LITERATURE
942 _hO168,1xM9, K9
_cTEXL
_2cc
999 _c931596
_d931596